Marvel Characters with ‚Marvel‘ in Their Name by Picture - Statistics

General Stats
  • This quiz has been taken 15 times
  • The average score is 9 of 11
Answer Stats
Picture Answer % Correct
Captain Marvel (Mar-Vell)
100%
Captain Marvel / Ms. Marvel (Carol Danvers)
100%
Ms. Marvel (Kamala Khan)
100%
Captain Marvel (Monica Rambeau)
93%
Captain Marvel (Genis-Vell)
87%
Captain Marvel (Phyla-Vell)
87%
Marvel Girl (Jean Grey)
87%
Marvel Boy (Noh-Varr)
73%
Marvel Boy (Robert Grayson)
60%
Ms. Marvel (Sharon Ventura)
47%
X the Marvel (Willie Dance)
47%
No matching quizzes found
Score Distribution
Percent of People with Each Score
Percentile by Number Answered
Your Score History
You have not taken this quiz